00515nam a2200169Ia 450000500170000000800410001702000150005808200130007310000180008624500290010426000370013330000170017065000380018794200060022595200990023199900150033020250405141024.0240331s9999 xx 000 0 und d a9558637157 bSANa894 aSanmugadas, A 0aSangha ilakkiya aaivukal aColombobSouth Asian Booksc2002 aix, 190 p ., aSangakala illakiyam patriya aayvu cL 001040708LaWERCLbWERCLcSSCd2024-03-31l0o 894.811 SANp4721r2024-03-31w2024-03-31yL c4134d4134